Reviews of Physiology, Biochemistry and Pharmacology 161

Contents: F. Schweda and A. Kurtz: Regulation of Renin Release by Local and Systemic Factors M. Krauss and V. Haucke: Shaping Membranes for Endocytosis B.M. Jockusch and P.L. Graumann: The Long Journey: Actin on the Road to Pro- and Eukaryotic Cells B. Colsoul, R. Vennekens and B. Nilius: Transient...

Full description

Bibliographic Details
Corporate Author: SpringerLink (Online service)
Other Authors: Amara, Susan G. (Editor), Bamberg, Ernst (Editor), Fleischmann, Bernd K. (Editor), Gudermann, Thomas (Editor), Jahn, Reinhard (Editor), Lederer, William J. (Editor), Lill, Roland (Editor), Nilius, Bernd (Editor), Offermanns, Stefan (Editor)
Format: Electronic eBook
Language:English
Published: Berlin, Heidelberg : Springer Berlin Heidelberg, 2011.
Series:Reviews of Physiology, Biochemistry and Pharmacology, 161
Subjects:
Online Access:Full Text via HEAL-Link
LEADER 02388nam a22005415i 4500
001 978-3-540-87631-1
003 DE-He213
005 20151204170520.0
007 cr nn 008mamaa
008 110926s2011 gw | s |||| 0|eng d
020 |a 9783540876311  |9 978-3-540-87631-1 
024 7 |a 10.1007/978-3-540-87631-1  |2 doi 
040 |d GrThAP 
050 4 |a QP34-38 
072 7 |a MFG  |2 bicssc 
072 7 |a MED075000  |2 bisacsh 
082 0 4 |a 612  |2 23 
245 1 0 |a Reviews of Physiology, Biochemistry and Pharmacology 161  |h [electronic resource] /  |c edited by Susan G. Amara, Ernst Bamberg, Bernd K. Fleischmann, Thomas Gudermann, Reinhard Jahn, William J. Lederer, Roland Lill, Bernd Nilius, Stefan Offermanns. 
264 1 |a Berlin, Heidelberg :  |b Springer Berlin Heidelberg,  |c 2011. 
300 |a VI, 110 p.  |b online resource. 
336 |a text  |b txt  |2 rdacontent 
337 |a computer  |b c  |2 rdamedia 
338 |a online resource  |b cr  |2 rdacarrier 
347 |a text file  |b PDF  |2 rda 
490 1 |a Reviews of Physiology, Biochemistry and Pharmacology,  |x 0303-4240 ;  |v 161 
520 |a Contents: F. Schweda and A. Kurtz: Regulation of Renin Release by Local and Systemic Factors M. Krauss and V. Haucke: Shaping Membranes for Endocytosis B.M. Jockusch and P.L. Graumann: The Long Journey: Actin on the Road to Pro- and Eukaryotic Cells B. Colsoul, R. Vennekens and B. Nilius: Transient Receptor Potential (TRP) Cation Channels in Pancreatic ß cells. 
650 0 |a Medicine. 
650 0 |a Human physiology. 
650 0 |a Pharmacology. 
650 1 4 |a Biomedicine. 
650 2 4 |a Human Physiology. 
650 2 4 |a Pharmacology/Toxicology. 
700 1 |a Amara, Susan G.  |e editor. 
700 1 |a Bamberg, Ernst.  |e editor. 
700 1 |a Fleischmann, Bernd K.  |e editor. 
700 1 |a Gudermann, Thomas.  |e editor. 
700 1 |a Jahn, Reinhard.  |e editor. 
700 1 |a Lederer, William J.  |e editor. 
700 1 |a Lill, Roland.  |e editor. 
700 1 |a Nilius, Bernd.  |e editor. 
700 1 |a Offermanns, Stefan.  |e editor. 
710 2 |a SpringerLink (Online service) 
773 0 |t Springer eBooks 
776 0 8 |i Printed edition:  |z 9783540876281 
830 0 |a Reviews of Physiology, Biochemistry and Pharmacology,  |x 0303-4240 ;  |v 161 
856 4 0 |u http://dx.doi.org/10.1007/978-3-540-87631-1  |z Full Text via HEAL-Link 
912 |a ZDB-2-SBL 
950 |a Biomedical and Life Sciences (Springer-11642)